Human body in health and disease (Record no. 395208)

MARC details
000 -LEADER
fixed length control field 00629 a2200253 4500
005 - DATE & TIME
control field 20260116140834.0
008 - FIXED-LENGTH DATA ELEMENTS--GENERAL INFORMATION
fixed length control field 260115b |||||||| |||| 00| 0 eng d
020 ## - ISBN
International Standard Book Number 9780323734165
Price $ 85.99
040 ## - CATALOGING SOURCE
Original cataloging agency VIVEKANANDA LIBRARY
082 ## - DDC NUMBER
Classification number 612
Book Number P278H(8)
100 ## - MAIN ENTRY--PERSONAL NAME
Personal name Patton, Kevin T
245 ## - TITLE STATEMENT
Title Human body in health and disease
250 ## - EDITION STATEMENT
Edition statement 8th
260 ## - PUBLICATION, DISTRIBUTION, ETC. (IMPRINT)
Name of publisher, distributor, etc Elsevier
Date of publication, distribution, etc 2024
Place of publication, distribution, etc St. Louis
300 ## - PHYSICAL DESCRIPTION
Pages xxiii,770
650 ## - Subject
Subject Human Body
650 ## - Subject
Subject Health Disease
650 ## - Subject
Subject Anatomy
650 ## - Subject
Subject Physiology
700 ## - Added Entry Personal Name
Added Entry Personal Name Bell, Frank
700 ## - Added Entry Personal Name
Added Entry Personal Name Thompson, Terry
700 ## - Added Entry Personal Name
Added Entry Personal Name Williamson, Peggie
942 ## - ADDED ENTRY ELEMENTS (KOHA)
Koha item type Books
Holdings
Withdrawn status Lost status Source of classification or shelving scheme Damaged status Not for loan Location (home branch) Sublocation or collection (holding branch) Shelving location Date acquired Koha issues (times borrowed) Koha full call number Accession No. Koha date last seen Koha item type
    Dewey Decimal Classification     VIVEKANANDA LIBRARY VIVEKANANDA LIBRARY Vivekananda Library 17/12/2025   612 P278H(8) 443726 17/12/2025 Books
© Designed and Maintained by Vivekananda Library, MDU Rohtak